Informácie o postgraduálnom štúdiu na vysokých školách SSR v školskom roku 1987/88

Salvato in:
Dettagli Bibliografici
Autore principale: Brychová, Sylvia
Natura: Libro
Lingua:slovacco
Pubblicazione: Bratislava Ústav rozvoja vysokých škôl 1987
Tags: Aggiungi Tag
Nessun Tag, puoi essere il primo ad aggiungerne!!

MARC

LEADER 00000nam a2200000 4500
001 c024059
005 20251111085742.5
041 0 |a slo 
044 |a SK 
245 1 0 |a Informácie o postgraduálnom štúdiu na vysokých školách SSR v školskom roku 1987/88  |c Sylvia Brychová 
264 1 |a Bratislava  |b Ústav rozvoja vysokých škôl  |c 1987 
300 |a 249 s. 
100 1 |a Brychová, Sylvia